[Event "BL 2122 (Women)"]
[Site "Germany"]
[Date "2022.05.28"]
[Round "10.6"]
[White "Kubikova, Alena"]
[Black "Naumenko, Valerija"]
[Result "0-1"]
[WhiteElo "2093"]
[BlackElo "1750"]
[PlyCount "84"]
[EventDate "2021.11.27"]
[EventType "team-tourn"]
[EventRounds "11"]
[EventCountry "GER"]
[SourceTitle "EXT 2023"]
[Source "ChessBase"]
[SourceDate "2022.10.05"]
[SourceVersion "1"]
[SourceVersionDate "2022.10.05"]
[SourceQuality "1"]
[WhiteTeam "Rodewisch (W)"]
[BlackTeam "Hemer (W)"]
[WhiteTeamCountry "GER"]
[BlackTeamCountry "GER"]

1. e4 e5 2. Nf3 Nc6 3. Bb5 a6 4. Ba4 Nf6 5. 0-0 b5 6. Bb3 Be7 7. Re1 d6 8. a4 Bd7 9. c3 0-0 10. d4 h6 11. h3 Re8 12. Na3 Qb8 13. dxe5 Nxe5 14. Nxe5 dxe5 15. Nc2 Bc6 16. f3 Bc5+ 17. Kh2 Rd8 18. Qe2 Nh5 19. axb5 Bxb5 20. c4 Bc6 21. Ba4 Bxa4 22. Rxa4 a5 23. g3 Qb3 24. Ra1 Rd3 25. Be3 Rad8 26. Rad1 Rxd1 27. Rxd1 Rxd1 28. Bxc5 Rd3 29. Ne1 Rd7 30. Be3 Nf6 31. c5 c6 32. h4 Ne8 33. Kh3 Nc7 34. f4 exf4 35. Bxf4 Nb5 36. Nf3 Nd4 37. Nxd4 Rxd4 38. Qa6 Qe6+ 39. Kh2 Rxe4 40. Qa8+ Kh7 41. Qa6 Re2+ 42. Kg1 Qe4 0-1

[Event "BL 2122 (Women)"]
[Site "Germany"]
[Date "2022.05.26"]
[Round "3.5"]
[White "Heinemann, Josefine"]
[Black "Naumenko, Valerija"]
[Result "1-0"]
[WhiteElo "2300"]
[BlackElo "1750"]
[PlyCount "53"]
[EventDate "2021.11.27"]
[EventType "team-tourn"]
[EventRounds "11"]
[EventCountry "GER"]
[SourceTitle "EXT 2023"]
[Source "ChessBase"]
[SourceDate "2022.10.05"]
[SourceVersion "1"]
[SourceVersionDate "2022.10.05"]
[SourceQuality "1"]
[WhiteTeam "Baden-Baden (W)"]
[BlackTeam "Hemer (W)"]
[WhiteTeamCountry "GER"]
[BlackTeamCountry "GER"]

1. e4 e5 2. Nf3 Nc6 3. Bc4 Bc5 4. c3 Nf6 5. d3 h6 6. 0-0 d6 7. Re1 0-0 8. h3 a6 9. a4 Ba7 10. Nbd2 Re8 11. b4 Ne7 12. Qb3 Rf8 13. d4 Ng6 14. a5 c6 15. Bf1 Be6 16. Qc2 Nh5 17. Bb2 Nhf4 18. c4 exd4 19. Nxd4 Bxd4 20. Bxd4 Qg5 21. Kh2 Nh4 22. Ra3 Nfxg2 23. Rd1 Qf4+ 24. Rg3 g5 25. Bxg2 f6 26. Be3 Qe5 27. f4 1-0

[Event "BL 2122 (Women)"]
[Site "Germany"]
[Date "2022.04.10"]
[Round "8.5"]
[White "Naumenko, Valerija"]
[Black "Babiy, Olga"]
[Result "0-1"]
[WhiteElo "1751"]
[BlackElo "2261"]
[PlyCount "78"]
[EventDate "2021.11.27"]
[EventType "team-tourn"]
[EventRounds "11"]
[EventCountry "GER"]
[SourceTitle "EXT 2023"]
[Source "ChessBase"]
[SourceDate "2022.10.05"]
[SourceVersion "1"]
[SourceVersionDate "2022.10.05"]
[SourceQuality "1"]
[WhiteTeam "Hemer (W)"]
[BlackTeam "Bad Koenigshofen (W)"]
[WhiteTeamCountry "GER"]
[BlackTeamCountry "GER"]

1. e4 c5 2. Nf3 d6 3. d4 cxd4 4. Nxd4 Nf6 5. Nc3 a6 6. Be2 e5 7. Nb3 Be7 8. 0-0 0-0 9. Be3 Be6 10. f3 Nbd7 11. Qd2 Rc8 12. a4 Nb6 13. Rfd1 Qc7 14. a5 Nc4 15. Bxc4 Bxc4 16. Nc1 d5 17. exd5 Rfd8 18. Nd3 Nxd5 19. Nxd5 Rxd5 20. Qe1 Bxd3 21. cxd3 Qd7 22. Qe2 Qb5 23. Rd2 Bb4 24. Rc2 Rxc2 25. Qxc2 Bxa5 26. Rd1 h6 27. Kh1 Qd7 28. h3 Bd8 29. Bf2 Bg5 30. Bg3 Be3 31. Qe2 Bd4 32. f4 exf4 33. Bxf4 Bf6 34. Bg3 Qb5 35. Rd2 Rd8 36. Bh2 a5 37. Qf2 Rxd3 38. Rxd3 Qxd3 39. Bg1 Qb5 0-1

[Event "GER-ch U18 Girls"]
[Site "Willingen"]
[Date "2020.10.21"]
[Round "3"]
[White "Naumenko, Valerija"]
[Black "Kobald, Jacqueline"]
[Result "0-1"]
[WhiteElo "1678"]
[BlackElo "1955"]
[PlyCount "50"]
[EventDate "2020.10.19"]
[EventType "swiss"]
[EventRounds "7"]
[EventCountry "GER"]
[SourceTitle "EXT 2022"]
[Source "ChessBase"]
[SourceDate "2021.10.06"]
[SourceVersion "1"]
[SourceVersionDate "2021.10.06"]
[SourceQuality "1"]

1. e4 c5 2. Nc3 Nc6 3. f4 g6 4. Nf3 Bg7 5. Bb5 Nd4 6. 0-0 Nxb5 7. Nxb5 d5 8. e5 d4 9. c3 a6 10. Na3 Bg4 11. h3 Bxf3 12. Qxf3 Qd7 13. Nc4 Rd8 14. Na3 Nh6 15. g4 0-0 16. Re1 Kh8 17. Nc2 e6 18. h4 Ng8 19. b3 dxc3 20. Qxc3 f6 21. Ne3 fxe5 22. fxe5 Qc6 23. Bb2 Qf3 24. Rf1 Qg3+ 25. Kh1 Nh6 0-1

[Event "GER-ch U18 Girls"]
[Site "Willingen"]
[Date "2020.10.21"]
[Round "2"]
[White "Naumenko, Valerija"]
[Black "Muedder, Melanie"]
[Result "1-0"]
[WhiteElo "1678"]
[BlackElo "2039"]
[PlyCount "53"]
[EventDate "2020.10.19"]
[EventType "swiss"]
[EventRounds "7"]
[EventCountry "GER"]
[SourceTitle "EXT 2022"]
[Source "ChessBase"]
[SourceDate "2021.10.06"]
[SourceVersion "1"]
[SourceVersionDate "2021.10.06"]
[SourceQuality "1"]

1. e4 c5 2. Nc3 Nc6 3. f4 g6 4. Nf3 Bg7 5. Bb5 Nd4 6. 0-0 a6 7. Bd3 d6 8. Nxd4 cxd4 9. Ne2 Nf6 10. Kh1 Nd7 11. b4 Qb6 12. a3 a5 13. Bb2 0-0 14. Qe1 e5 15. c3 axb4 16. axb4 Rxa1 17. Qxa1 dxc3 18. Bxc3 Nf6 19. fxe5 Ng4 20. Bd4 Qxb4 21. exd6 f6 22. Qa2+ Kh8 23. h3 Ne5 24. Bxe5 fxe5 25. Rxf8+ Bxf8 26. Qf7 Qxd6 27. Bc4 1-0

[Event "GER-ch U25-B"]
[Site "Willingen"]
[Date "2019.06.09"]
[Round "1"]
[White "Naumenko, Valerija"]
[Black "Hallfarth, Luise"]
[Result "1-0"]
[WhiteElo "1606"]
[BlackElo "1518"]
[PlyCount "57"]
[EventDate "2019.06.08"]
[EventType "swiss"]
[EventRounds "9"]
[EventCountry "GER"]
[SourceTitle "CBM 191 Extra"]
[Source "ChessBase"]
[SourceDate "2019.09.30"]
[SourceVersion "1"]
[SourceVersionDate "2019.09.30"]
[SourceQuality "1"]

1. e4 c5 2. Nf3 Nc6 3. d4 cxd4 4. Nxd4 g6 5. c4 Bg7 6. Nc2 Nf6 7. Nc3 0-0 8. Be2 e6 9. 0-0 b6 10. Bf4 Bb7 11. Bd6 Ne7 12. f3 Ne8 13. Rb1 Rc8 14. Bg3 d5 15. exd5 exd5 16. Nxd5 Nxd5 17. cxd5 Bxd5 18. Nb4 Bb7 19. Kh1 Nf6 20. Bb5 Nd5 21. Nxd5 Qxd5 22. Qa4 Rc5 23. Rfd1 Qe6 24. Bd6 Rxb5 25. Qxb5 Rc8 26. Bg3 Bc6 27. Qa6 Qe7 28. Qxc8+ Be8 29. Rd8 1-0

[Event "Regionalliga West 1718 (Women)"]
[Site "Germany"]
[Date "2018.02.18"]
[Round "5.4"]
[White "Naumenko, Valerija"]
[Black "Kublanov, Elizabeth"]
[Result "1-0"]
[WhiteElo "1493"]
[BlackElo "1561"]
[PlyCount "75"]
[EventDate "2017.10.15"]
[EventType "team-tourn"]
[EventRounds "5"]
[EventCountry "GER"]
[SourceTitle "CBM 183 Extra"]
[Source "ChessBase"]
[SourceDate "2018.04.19"]
[SourceVersion "1"]
[SourceVersionDate "2018.04.19"]
[SourceQuality "1"]
[WhiteTeam "Hemer (W)"]
[BlackTeam "Solingen (W)"]
[WhiteTeamCountry "GER"]
[BlackTeamCountry "GER"]

1. e4 d5 2. exd5 Qxd5 3. Nf3 Nf6 4. Be2 Bg4 5. h3 Bh5 6. 0-0 e6 7. c4 Qa5 8. d4 c6 9. Nc3 Nbd7 10. Bf4 Be7 11. a3 c5 12. d5 Bxf3 13. dxe6 fxe6 14. Bxf3 e5 15. Bg3 0-0 16. Bxb7 Rab8 17. Bd5+ Kh8 18. Qe2 Bd6 19. Rfd1 Qb6 20. Be6 Rfe8 21. Bxd7 Nxd7 22. Nb5 Re6 23. Qd2 Nf6 24. Nxd6 Kg8 25. Nf5 Ne4 26. Qd3 Nxg3 27. Nxg3 Rf8 28. Qd5 Kh8 29. Ne4 Ree8 30. Ng5 Qc7 31. Ne6 Qf7 32. Nxf8 Qxd5 33. Rxd5 Rxf8 34. Rxe5 Rc8 35. Rae1 h6 36. Re8+ Rxe8 37. Rxe8+ Kh7 38. Re7 1-0